عرض عادي
عرض مارك
- Pfleiderer, Otto,
دخول Personal Name
001 - CONTROL NUMBER
- control field: 17251
003 - CONTROL NUMBER IDENTIFIER
- control field: AE-AdECS
005 - DATE AND TIME OF LATEST TRANSACTION
- control field: 20250618085124.0
008 - FIXED-LENGTH DATA ELEMENTS
- fixed length control field: 250618|| aca||aabn | a|a d
040 ## - CATALOGING SOURCE
- Original cataloging agency: AE-AdECS
- Transcribing agency: AE-AdECS
100 ## - HEADING--PERSONAL NAME
- Personal name: Pfleiderer, Otto,
- Dates associated with a name: 1839-1908
670 ## - SOURCE DATA FOUND
- Source citation: Work cat.: (AE-AdECS)28867: Pfleiderer, Otto, 1839-1908., The development of theology in Germany since Kant :
